01360nam a2200265 a 4500001001000000005001700010008004100027041000800068044000700076084002000083100004500103245011200148260004100260300002200301500015800323500015800481500014900639500006000788500000900848650005200857650005600909650003400965650004500999740005001044BRCA_241420190320203810.0131108s1750----sp-a---###---#000-0#spa-u aspa asp a055b.A46c17501 aCervantes Saavedra, Miguel ded1547-161610aVida y hechos del Ingenioso Cavallero Don Quixote de la Manchaccompuesto por Miguel de Cervantes Saavedra. aMadridbPedro Alonso y Padillac1750 a2 v.bil.c21 cm. aContenido : v 1. Primera parte. Dedicatoria a D. Quijote por Cide Hamete Benengeli. Suma de la Licencia y de la tasa. Prólogo del autor. Texto. -- v 2. aEdición : Nueva edición corregida, ilustrada y añadida con 44 láminas muy apropiadas a la materia. Dedicada al mismo Don Quixote por su Chronista aSe basa en la edición de Juan de S. Martín de 1741, de la cual están tomadas la láminas. La parte tipográfica es mala Lúdovik Osterc aExistencias : El ejemplar descrito carece del volumen 2 aQM4114aNovela españolayÉpoca clásica, 1500-170014aLiteratura españolayÉpoca clásica, 1500-170014aNovela españolaySiglo XVII14aDon Quijote (Personaje ficticio)eNovela0 aEl Ingenioso Hidalgo Don Quijote de la Mancha